World criminal justice systems. A comparative survey

Đã lưu trong:
Chi tiết về thư mục
Tác giả chính: Terrill, Richard J (Tác giả)
Định dạng: Sách
Ngôn ngữ:Tiếng Anh
Được phát hành: Waltham, USA Elsevier 2013
Phiên bản:Eighth edition
Những chủ đề:
Các nhãn: Thêm thẻ
Không có thẻ, Là người đầu tiên thẻ bản ghi này!

MARC

LEADER 00000cam a2200000 a 4500
001 UCC8927
003 CL-VaPUC
005 20220921074434.0
008 190830e20130000us |||||||||||||||||eng|d
999 |c 375123  |d 375121 
020 |a 9781455725892 
040 |c Pontificia Universidad Católica de Valparaíso 
082 0 4 |a 364.01 TER 2013  |2 21 
100 0 |a Terrill, Richard J  |e author  |9 44 
245 1 0 |a World criminal justice systems.  |b A comparative survey 
250 |a Eighth edition 
260 |a Waltham, USA  |b Elsevier  |c 2013 
300 |a 723 páginas  
583 |a last modification  |c 20190830 10:52:00  |k Rodrigo Vera 
650 0 |a Criminología  |9 256168 
650 0 |a Derecho comparado  |9 255664 
650 0 |a Administración de justicia  |9 382749 
852 |a BIBDER 
942 |c BK  |2 ddc 
945 |d 20190830 10:52:00  |a dcastane 
952 |0 0  |1 0  |3 erb  |4 0  |6 364_010000000000000_TER_2013  |7 0  |8 A  |9 494015  |a BIBDER  |b BIBDER  |d 2019-08-22  |e 1  |g 46424.00  |i 5560039  |l 1  |o 364.01 TER 2013  |p 5560039  |r 2024-11-25  |s 2024-11-18  |v 46424.00  |w 2019-11-24  |y BK  |z Catalogado en:20190830  |k DER